Sports Quiz

Random Sports Quiz

Championship Broadcasting Teams since 2000 Quiz Stats

 Plays Quiz not verified by Sporcle

Challenge
Share
Tweet
Embed
Score 0/33 Timer 06:00
0 Plays Today
CHAMPIONSHIP / YEAR(S) BROADCASTER % Correct
Super Bowl / '05, '08, '11, '14 / Play by PlayJoe Buck
98.5%
World Series / 2000 - 2014 / Play by PlayJoe Buck
98.5%
Super Bowl / '01, '04, '07, '10, '13 / ColorPhil Simms
86.2%
Super Bowl / '02-'03, '06, '09 / ColorJohn Madden
83.1%
Super Bowl / '05, '08, '11, '14 / ColorTroy Aikman
83.1%
Stanley Cup / 2006-2015 / Play by PlayMike Emrick
81.5%
Super Bowl / '07, '10, '13 / Play by PlayJim Nantz
80%
NBA Championship / 2004-2005 / Play by PlayAl Michaels
78.5%
Super Bowl / '00, '03, '06, '09, '12, '15 / Play by PlayAl Michaels
78.5%
NBA Championship / 2007-2011, '14-'15 / ColorMark Jackson
76.9%
World Series / 2000 - 2013 / ColorTim McCarver
75.4%
Stanley Cup / 2014 / Play by PlayKenny Albert
72.3%
NBA Championship / 2006-2015 / Play by PlayMike Breen
72.3%
NBA Championship / 2001-2002 / Play by PlayMarv Albert
72.3%
NBA Championship / 2000-2001 / ColorDoug Collins
70.8%
Super Bowl / '05, '12, '15 / ColorCris Collinsworth
66.2%
Super Bowl / 2002 / Play by PlayPat Summerall
63.1%
CHAMPIONSHIP / YEAR(S) BROADCASTER % Correct
NBA Championship / 2000 / Play by PlayBob Costas
58.5%
World Series / 2014 / ColorHarold Reynolds
58.5%
NBA Championship / 2007-2015 / ColorJeff Van Gundy
52.3%
Super Bowl / 2001, 2004 / Play by PlayGreg Gumbel
52.3%
Stanley Cup / 2000-2004 / Play by PlayGary Thorne
49.2%
NBA Championship / 2002-2003 / ColorBill Walton
49.2%
Stanley Cup / 2007-2015 / ColorEddie Olczyk
44.6%
NBA Championship / 2005-2006 / ColorHubie Brown
44.6%
World Series / 2014 / ColorTom Verducci
40%
NBA Championship / 2002 / ColorSteve Jones
38.5%
Stanley Cup / 2000-2004 / ColorGary Clement
35.4%
Super Bowl / 2000 / ColorBoomer Esiason
33.8%
NBA Championship / 2003 / Play by PlayBrad Nessler
32.3%
NBA Championship / 2003 / ColorTom Tolbert
29.2%
NBA Championship / 2004 / ColorDoc Rivers
27.7%
Stanley Cup / 2003-2006 / ColorJohn Davidson
24.6%

You're not logged in!

Compare scores with friends on all Sporcle quizzes.
OR
Log In

You Might Also Like...

Show Comments

Extras

Top Quizzes Today


Score Distribution

Your Account Isn't Verified!

In order to create a playlist on Sporcle, you need to verify the email address you used during registration. Go to your Sporcle Settings to finish the process.

Report this User

Report this user for behavior that violates our Community Guidelines.

Details: